مؤتمر الأسرة والتنمية : برنامج المؤتمر /
Sábháilte in:
| Údair chorparáideacha: | , , |
|---|---|
| Formáid: | Imeacht comhdhála LEABHAR |
| Teanga: | Araibis |
| Foilsithe / Cruthaithe: |
القاهرة :
معهد التخطيط القومي،
1995.
|
| Ábhair: | |
| Clibeanna: |
Cuir clib leis
Níl clibeanna ann, Bí ar an gcéad duine le clib a chur leis an taifead seo!
|
MARC
| LEADER | 00000nam a22000007a 4500 | ||
|---|---|---|---|
| 003 | INP | ||
| 005 | 20180620134302.0 | ||
| 008 | 180226s1995 ua ||||fr||||l101 0 ara d | ||
| 952 | |0 0 |1 0 |4 0 |6 306_800000000000000_م_ؤ |7 0 |8 CON |9 4837 |a INP |b INP |c MAIN |d 2018-04-16 |l 0 |o 306.8 م ؤ |p 005998 |r 2018-04-16 00:00:00 |w 2018-04-16 |y CON |0 0 | ||
| 999 | |c 5882 |d 5882 | ||
| 040 | |a EG-INP |b ara |c EG-INP | ||
| 043 | |a f-ua--- | ||
| 082 | 0 | 4 | |2 21 |a 306.8 |b م ؤ |
| 111 | 2 | |a مؤتمر الأسرة والتنمية |d (1995 : |c القاهرة، مصر). | |
| 245 | 1 | 0 | |a مؤتمر الأسرة والتنمية : |b برنامج المؤتمر / |c معهد التخطيط القومي، الصندوق الاجتماعي للتنمية. |
| 246 | 1 | 3 | |a مؤتمر الأسرة والتنمية : |b ملخصات البحوث والتقارير ومحاور الندوات |
| 246 | 1 | 3 | |a مؤتمر الأسرة والتنمية : |b قائمة بيليوجرافية انتقائية |
| 260 | |a القاهرة : |b معهد التخطيط القومي، |c 1995. | ||
| 300 | |a 162 ص. ؛ |c 30 سم. | ||
| 500 | |a تحت رعاية الأستاذ الدكتور كمال الجنزوري. | ||
| 520 | 3 | |a تتضمن ملخصات الأبحاث ومحارو المؤتمر والتي تمثلت في ندوة الأسرة الفقيرة خصائصها وأساليب رعايتها، وندوة الأسرة في الريف المصري، وندوة التنمية والتحديات التي تواجه الأسرة، وندوة التنمية الشاملة ومستقبل الأسرة المصرية في القرن الحادي والعشرين. | |
| 650 | 7 | |2 qrmak |a التنمية الاقتصادية |x الجوانب الإجتماعية |v مؤتمرات وندوات. | |
| 650 | 7 | |2 qrmak |a الأسرة |v مؤتمرات وندوات. | |
| 651 | 7 | |2 qrmak |a مصر |x التنمية الإجتماعية |v مؤتمرات. | |
| 651 | 7 | |2 qrmak |a مصر |x التنمية الريفية |v مؤتمرات. | |
| 710 | 2 | |a معهد التخطيط القومي (مصر). | |
| 710 | 2 | |a الصندوق الاجتماعي للتنمية (مصر). | |
| 901 | |a EGPV19 | ||
| 902 | |a EGPV 18 | ||
| 903 | |a original | ||
| 942 | |2 ddc |c CON | ||